| 000 | 01160nam a2200253 4500 | ||
|---|---|---|---|
| 005 | 20240530110939.0 | ||
| 008 | 221025s2021 ua abf f b 000 0 ara d | ||
| 017 |
_a2020/17642 _bمصر. دار الكتب |
||
| 020 | _a9789776840102 | ||
| 040 |
_aEG-CaGPL _cEG-CaGPL |
||
| 082 | 0 | 8 |
_221 _a745.449/ _bع ز |
| 100 | 0 | _aعبدالله كامل موسى عبده | |
| 245 | 1 | 0 |
_aزخارف وفنون وتصاوير : _bالفن المعمارى الاسلامى فى الجزيرة العربية والعالم منذ عهد عثمان بن عفان رضى الله عنه حتى نهاية العصر الاموى / _cعبدالله كامل موسى عبده |
| 250 | _aط.1 | ||
| 260 |
_aالاسكندرية : _bدار الوفاء لدنيا الطباعة و النشر، _c2021. |
||
| 300 |
_a348 ص. : _bايض ؛ _c24 سم. |
||
| 504 | _aيشتمل على ارجاعات ببليوجرافية | ||
| 650 | 0 | 7 |
_2qrmak _aالعمارة الاسلامية |
| 650 | 0 | 7 |
_2qrmak _aالفن الاسلامى |
| 650 | 0 | 7 |
_2qrmak _aالزخرفة المعمارية |
| 651 | _2qrmak | ||
| 942 |
_2ddc _cBK |
||
| 999 |
_c66788 _d66788 |
||